000
00305nam a22001337a 4500
003
SGT
020
_a
978-93-91735-08-4
082
_a
910
_b
SRI
100
_a
SRIVASTAVA, NISHEETH
245
_a
TEXT BOOK OF HOTEL COMMUNICATION
260
_a
DELHI
_b
NAMAN PUB
_c
2018
300
_a
293
942
_2
ddc
_c
BK
_0
1
999
_c
21083
_d
21083